000 00571nam a2200229Ia 4500
001 17470
003 GE_BSU
008 181216s||||||||xx |||||||||||||| ||und||
020 _a9781567651454
040 _cGE_BSU
080 _a811.111
100 _aLerine,Harold
245 _aCurrents in Literature. British volume
245 _bIntegrated english language arts
260 _aNew York
260 _c2007
300 _a283p.
541 _h12 Gel.
653 _aCurrents in Literature. British volume
653 _aIntegrated english language arts
942 _cBK
999 _c50521
_d50521